Biología celular y molecular: conceptos y experimentos /
Desde hace 4 ediciones, Biología celular y molecular ofrece a los estudiantes las herramientas que necesitan para comprender los fundamentos científicos de la biología celular. Karp explora conceptos básicos en el fondo, y presenta detalles experimentales que ayudan a explicar y reforzar el concepto...
| Hlavní autor: | |
|---|---|
| Další autoři: | |
| Médium: | Kniha |
| Jazyk: | Spanish English |
| Vydáno: |
México:
McGraw Hill,
2009.
|
| Vydání: | Quinta edición. |
| Témata: |
MARC
| LEADER | 00000nam a2200000 a 4500 | ||
|---|---|---|---|
| 003 | Ucuenca | ||
| 005 | 20240126220007.0 | ||
| 006 | a||||fr|||| 001 | | ||
| 007 | ta | ||
| 008 | 012201t20092009mx aaaafr|||| 001|| spa a | ||
| 020 | |a 978-970-10-6925-7 | ||
| 040 | |b spa |a UCuenca-cdrjbv |c UCuenca |e rda | ||
| 041 | 1 | |a spa |h eng | |
| 082 | 0 | |2 22 |a 571.6 |c 31631 | |
| 100 | 1 | |a Karp, Gerald. |9 107492 |e autor | |
| 240 | 1 | |a Cell and Molecular Biology. Concepts and Experiments. |l English | |
| 245 | 1 | 0 | |a Biología celular y molecular: |b conceptos y experimentos / |c Gerald Karp, traducido por Juan Roberto Palacios Martínez. |
| 250 | |a Quinta edición. | ||
| 264 | 1 | |a México: |b McGraw Hill, |c 2009. | |
| 264 | 4 | |c ©2009 | |
| 300 | |a xvii, 776 páginas: |b ilu |c 27 cm | ||
| 336 | |2 rdacontent |a texto |b txt | ||
| 337 | |2 rdamedia |a no mediado |b n | ||
| 338 | |2 rdacarrier |a volumen |b nc | ||
| 504 | |a incl. ref. | ||
| 505 | 1 | |a Introducción al estudio de la biología celular y molecular -- Las bases químicas de la vida -- Bioenergética, enzimas y metabolismo -- La estructura y función de la membrana plasmática -- La respiración aeróbica y la mitocondria -- La fotosíntesis y el cloroplasto -- Interacciones entre las células y su ambiente -- Sistemas de membrana citoplásmica: estructura, función y tránsito en la membrana. | |
| 520 | 3 | |a Desde hace 4 ediciones, Biología celular y molecular ofrece a los estudiantes las herramientas que necesitan para comprender los fundamentos científicos de la biología celular. Karp explora conceptos básicos en el fondo, y presenta detalles experimentales que ayudan a explicar y reforzar el concepto específico que se trata. ' Esta quinta edición sigue ofreciendo una estructura muy clara y excelente, por la cual han recibido grandes elogios las anteriores ediciones. ' También en esta edición se incluye una actualización del tema de células madre, nuevas figuras y esquemas para mayor comprensión, así como actualizaciones importantes en el papel de los cilios en el desarrollo de la enfermedad, genómica y nuevas tecnologías de biología celular y molecular. | |
| 650 | 1 | 7 | |2 UCuenca-cdrjbv |a Biología molecular |9 2301 |
| 650 | 1 | 0 | |a Biologia animal |9 13146 |
| 651 | |2 UCuenca-cdrjbv | ||
| 700 | 1 | |a Palacios Martínez, Juan Roberto. |9 192368 |e traductor | |
| 852 | |a UC-SALUD |f Compra |l 1 |m General |p 20122011 |q 48.75 |t 31631 |w MEDICINA |y 000454956 |b 0 |d CDRS |e CDRS |g 574.8 ESTANTERIA ABIERTA |z 2012-22-01 | ||
| 942 | |c BK |0 37 |2 ddc |r daniel.carrión@ucuenca.edu.ec |z vanessa.morales@ucuenca.edu.ec | ||
| 999 | |c 64298 |d 64298 | ||